000 00577cam a2200229 4500
008 090401t1992 xxu||||| |||| 00| 0 eng d
020 _a185454120X
035 _a(Sirsi) u58634
041 _aeng
050 _a725.23
100 _aDuffy, Francis
245 4 _aThe changing workplace.
260 _aLondon
_bPhaidon Press Limited
_c1992
300 _a251p. : ill. ; 21x21cm.
350 _a24.95
650 _aARCHITECTURE
650 _aOFFICES
690 _aPROPERTY-COMMERCIAL PROPERTY
700 _aHannay, Patrick
_xEditor
942 _n0
948 _c04/03/1997
999 _c94085
_d94085